000 00876nam a2200205 a 4500
001 000037278
005 20200930080247.0
008 120321s1993 sp 000 0 spa d
020 _a8400073681
040 _aDO-SdBNP
_bspa
_cBNPHU
100 1 _aOrtiz de la Tabla Ducasse, Javier
_930486
245 1 4 _aLos encomenderos de Quito :
_b1534-1660 : origen y evolución de una élite colonial /
_cJavier Ortíz de la Tabla Ducasse.
260 _aSevilla :
_bEscuela de Estudios Hispano-Americanos,
_c1993.
300 _a377 p. ;
_c25 cm.
490 1 _aPublicaciones de la Escuela de Estudios Hispano-Americanos de Sevilla ;
_v368
504 _aIncluye referencias bibliográficas y notas al pie de las páginas
504 _aBibliografía : p. 343-350
500 _aIncluye índice
830 0 _aPublicaciones de la Escuela de Estudios Hispano-Americanos de Sevilla ;
_v368
_930488
999 _c36768
_d36768